00776nac a22001811u 4500010001600000082001700016090001500033100003400048245013200082260005300214300007300267500001500340500004100355650004600396942001500442999001500457952012200472 a 42007919 a621.05bM835 c3490d3490 aMorse, Frederick Tracy 10aPower plant engineering and design:bThe Theory And Practice Of Stationary Electric Generating Plants /cFrederick Tracy Morse. aNew York,bD. Van Nostrand company, inc.c[1942] axii, 703 p.bincl. front., illus., tables. diagrs. (1 fold.)c24 cm. aDonations. aDonations - Bibliotheca Alexandrina. 0aElectric power-plants. [from old catalog] cBBk621.05 c3490d3490 00102ddc4070aMAINbMAINc1STd2007-04-19ePurchasel1o621.05 MORp000030365r2025-07-15 00:00:00s2019-02-26yBB